Career Skills for Surgeons (Запис № 453959)

МАРК-запис
000 -LEADER
fixed length control field 03434nam a22005175i 4500
001 - CONTROL NUMBER
control field 978-3-319-57490-5
003 - CONTROL NUMBER IDENTIFIER
control field DE-He213
005 - DATE AND TIME OF LATEST TRANSACTION
control field 20210118154706.0
007 - PHYSICAL DESCRIPTION FIXED FIELD--GENERAL INFORMATION
fixed length control field cr nn 008mamaa
008 - FIXED-LENGTH DATA ELEMENTS--GENERAL INFORMATION
fixed length control field 170912s2017 gw | s |||| 0|eng d
020 ## - INTERNATIONAL STANDARD BOOK NUMBER
International Standard Book Number 9783319574905
-- 978-3-319-57490-5
024 7# - OTHER STANDARD IDENTIFIER
Standard number or code 10.1007/978-3-319-57490-5
Source of number or code doi
050 #4 - LIBRARY OF CONGRESS CALL NUMBER
Classification number RD1-811
072 #7 - SUBJECT CATEGORY CODE
Subject category code MN
Source bicssc
072 #7 - SUBJECT CATEGORY CODE
Subject category code MED085000
Source bisacsh
072 #7 - SUBJECT CATEGORY CODE
Subject category code MN
Source thema
082 04 - DEWEY DECIMAL CLASSIFICATION NUMBER
Classification number 617
Edition number 23
100 1# - MAIN ENTRY--PERSONAL NAME
Personal name Panayiotou Charalambous, Charalambos.
Relator term author.
Relator code aut
-- http://id.loc.gov/vocabulary/relators/aut
245 10 - TITLE STATEMENT
Title Career Skills for Surgeons
Medium [electronic resource] /
Statement of responsibility, etc by Charalambos Panayiotou Charalambous.
250 ## - EDITION STATEMENT
Edition statement 1st ed. 2017.
264 #1 -
-- Cham :
-- Springer International Publishing :
-- Imprint: Springer,
-- 2017.
300 ## - PHYSICAL DESCRIPTION
Extent XVI, 304 p. 50 illus., 30 illus. in color.
Other physical details online resource.
336 ## -
-- text
-- txt
-- rdacontent
337 ## -
-- computer
-- c
-- rdamedia
338 ## -
-- online resource
-- cr
-- rdacarrier
347 ## -
-- text file
-- PDF
-- rda
505 0# - FORMATTED CONTENTS NOTE
Formatted contents note Part 1. Background -- Part 2. Workplace -- Part 3. Developing Technical skills -- Part 4. Safety in surgery -- Operating theatre checks. .
520 ## - SUMMARY, ETC.
Summary, etc This book presents various skills to help surgeons improve their day-to-day performance and development including professionalism, communication, situation awareness, decision making, leadership, and technical dexterity. It also offers advice on how to organise a surgical theatre list, improve theatre efficiency, prepare for surgical interviews and participate in surgical research and audit. Furthermore, it emphasises the need to strive for safety in surgery and to learn from things going wrong. The complex world of emotions that surgeons may encounter is also discussed. The guidance presented here may be of value to any aspiring surgeon, whatever their surgical specialty, and wherever they choose to practise. The skills highlighted in this book reflect the author's initial experiences as a surgical trainee, the teachings of his senior trainers, as well as his subsequent involvement in supervising multiple junior surgeons as a Consultant in Trauma and Orthopaedics. Much of the material presented is supported by an extensive literature review. This book complements the previously published book "Career Skills for Doctors" by the same author. .
506 ## - RESTRICTIONS ON ACCESS NOTE
Terms governing access Available to subscribing member institutions only. Доступно лише організаціям членам підписки.
506 ## - RESTRICTIONS ON ACCESS NOTE
Standardized terminology for access restriction Online access from local network of NaUOA.
506 ## - RESTRICTIONS ON ACCESS NOTE
Standardized terminology for access restriction Online access with authorization at https://link.springer.com/
506 ## - RESTRICTIONS ON ACCESS NOTE
Standardized terminology for access restriction Онлайн-доступ з локальної мережі НаУОА.
506 ## - RESTRICTIONS ON ACCESS NOTE
Standardized terminology for access restriction Онлайн доступ з авторизацією на https://link.springer.com/
650 #0 - SUBJECT ADDED ENTRY--TOPICAL TERM
Topical term or geographic name as entry element Surgery.
650 14 - SUBJECT ADDED ENTRY--TOPICAL TERM
Topical term or geographic name as entry element Surgery.
-- http://scigraph.springernature.com/things/product-market-codes/H59001
710 2# - ADDED ENTRY--CORPORATE NAME
Corporate name or jurisdiction name as entry element SpringerLink (Online service)
773 0# - HOST ITEM ENTRY
Title Springer eBooks
776 08 - ADDITIONAL PHYSICAL FORM ENTRY
Display text Printed edition:
International Standard Book Number 9783319574899
776 08 - ADDITIONAL PHYSICAL FORM ENTRY
Display text Printed edition:
International Standard Book Number 9783319574912
776 08 - ADDITIONAL PHYSICAL FORM ENTRY
Display text Printed edition:
International Standard Book Number 9783319861760
856 40 - ELECTRONIC LOCATION AND ACCESS
Uniform Resource Identifier <a href="https://doi.org/10.1007/978-3-319-57490-5">https://doi.org/10.1007/978-3-319-57490-5</a>
912 ## -
-- ZDB-2-SME
942 ## - ADDED ENTRY ELEMENTS (KOHA)
Koha item type ЕКнига

Немає доступних примірників.